000
00262nam a22001097a 4500
008
240710b |||||||| |||| 00| 0 eng d
100
_a
Githvani, Ashudomal
_9
16774
245
_a
Hatan
260
_a
Bombay:
_b
Lok Sewa Mandal;
_c
1964.
300
_a
73p.
942
_c
BK
999
_c
39906
_d
39906